00909nam a2200181   450000500170000000800410001702000180005804100120007608200150008810000230010324500980012626000250022430000080024936500180025752004160027565000190069170000170071020251101110713.0251028b        |||||||| |||| 00| 0 eng d  a9789352869015  aEnglish  a741.6bANT  aAnton Kelly Kordes  aAdobe InDesign CC 2018 Release: Classroom in a Book the Official Training Workbook from Adobe  aIndiabPearsonc2018  a422  b825.00cRs.00  a1.	Introducing the Workspace
2.	Getting to Know Indesign
3.	Setting up a Document & Working with Pages
4.	Working with Objects
5.	Flowing Text
6.	Editing Text
7.	Working with Typography
8.	Working with Color
9.	Working with Styles
10.	Importing & Modifying
11.	Creating Tables
12.	Working with Transparency
13.	Printing & Exporting
14.	Creating Adobe PDF Files with Form Fields
15.	Creating a Fixed-Layout Epub
  aGraphic Design  aDeJarld Tina